| 000 | 00339nam a2200133Ia 4500 | ||
|---|---|---|---|
| 008 | 220613s9999||||xx |||||||||||||| ||und|| | ||
| 100 | _aHolum Olmsted | ||
| 245 | 0 | _aInstructors Manual Fundamentals Of Genral Organic And Biological Chemistry | |
| 250 | _a5TH | ||
| 260 | _bJOHN WILEY | ||
| 300 | _a423 | ||
| 650 | _aChemistry | ||
| 942 | _cGB | ||
| 999 |
_c5781 _d5781 |
||